|
|
|
|
| LEADER |
00000ny a22000003n 4500 |
| 005 |
20110516104033.0 |
| 008 |
030214c20029999cautr p s 0 a0eng c |
| 022 |
0 |
|
|a 1543-5962
|y 1063-519X
|
| 035 |
|
|
|a 5154
|
| 040 |
|
|
|a MnMULS
|d vLex
|
| 050 |
0 |
0 |
|a T58.64
|b .J685
|
| 050 |
0 |
0 |
|a T58.64
|b .J685
|
| 082 |
0 |
0 |
|a 658.4/038/0285
|2 20
|
| 090 |
|
|
|c 1926
|d 1926
|
| 245 |
3 |
0 |
|a Journal of international technology and information management
|h [Recurso electrn̤ico]
|
| 246 |
1 |
3 |
|a JITIM
|
| 256 |
|
|
|a Servicio en ln̕ea
|
| 260 |
|
|
|a San Bernardino, CA :
|b International Information Management Association,
|
| 310 |
|
|
|a Three times a year
|
| 506 |
1 |
|
|a Contenido solo disponible en los productos indicados
|d vLex Global
|d vLex Global (Academic Edition, excluding Law Schools)
|d vLex Global (U.S. Academic Edition, excluding Law Schools)
|
| 710 |
2 |
|
|a International Information Management Association
|
| 740 |
|
|
|a vLex Revista (Servicios en ln̕ea)
|
| 780 |
0 |
0 |
|t Journal of international information management
|x 1063-519X
|
| 843 |
|
|
|a Electrn̤ica. Cerrada
|
| 853 |
|
|
|8 1
|i (year)
|j (month)
|k (day)
|
| 856 |
4 |
0 |
|z Acceso restringido
|u http://vlex.com/account/login_ip?fuente_id=5154
|
| 942 |
|
|
|c REV
|
| 999 |
|
0 |
|a Information technology
|v Periodicals
|
| 999 |
|
0 |
|a Management information systems
|v Periodicals
|